000 00299nam a2200145Ia 4500
100 _aPaul Hanna
942 _cBK
654 _aarchieve
245 _aBelieve Achieve
260 _bPenguin Books
_aNew Delhi
_c1998
082 _a650.1/PAU
_bPAU
300 _a235
546 _aENGLISH
999 _c31539
_d31539